MyGZULibrary

The cultural industries / (Record no. 1701)

MARC details
000 -LEADER
fixed length control field 01054cam a2200325 a 4500
001 - CONTROL NUMBER
control field 17083373
003 - CONTROL NUMBER IDENTIFIER
control field GZU
005 - DATE AND TIME OF LATEST TRANSACTION
control field 20201021113155.0
008 - FIXED-LENGTH DATA ELEMENTS--GENERAL INFORMATION
fixed length control field 111214s2013 enka b 001 0 eng d
010 ## - LIBRARY OF CONGRESS CONTROL NUMBER
LC control number 2011945432
016 7# - NATIONAL BIBLIOGRAPHIC AGENCY CONTROL NUMBER
Record control number 016135871
Source Uk
020 ## - INTERNATIONAL STANDARD BOOK NUMBER
International Standard Book Number 9781446209257 (hbk)
020 ## - INTERNATIONAL STANDARD BOOK NUMBER
International Standard Book Number 9781446209264 (pbk)
035 ## - SYSTEM CONTROL NUMBER
System control number (OCoLC)ocn824710974
040 ## - CATALOGING SOURCE
Original cataloging agency AU@
Language of cataloging eng
Transcribing agency AU@
Modifying agency OCLCO
-- TAC
-- UKMGB
-- NHA
-- DLC
042 ## - AUTHENTICATION CODE
Authentication code lccopycat
050 00 - LIBRARY OF CONGRESS CALL NUMBER
Classification number HM621
Item number HES 2013
082 04 - DEWEY DECIMAL CLASSIFICATION NUMBER
Classification number 338.477
Edition number 23
100 1# - MAIN ENTRY--PERSONAL NAME
Personal name Hesmondhalgh, David,
Dates associated with a name 1963-
245 14 - TITLE STATEMENT
Title The cultural industries /
Statement of responsibility, etc. David Hesmondhalgh.
250 ## - EDITION STATEMENT
Edition statement 3rd ed.
260 ## - PUBLICATION, DISTRIBUTION, ETC.
Place of publication, distribution, etc. London :
Name of publisher, distributor, etc. SAGE,
Date of publication, distribution, etc. 2013.
300 ## - PHYSICAL DESCRIPTION
Extent xx, 456 p. :
Other physical details ill. ;
Dimensions 25 cm.
500 ## - GENERAL NOTE
General note Previous ed.: Los Angeles, Calif.; London: SAGE, 2007.
504 ## - BIBLIOGRAPHY, ETC. NOTE
Bibliography, etc. note Includes bibliographical references (p. [421]-450) and index.
650 #0 - SUBJECT ADDED ENTRY--TOPICAL TERM
Topical term or geographic name entry element Cultural industries.
906 ## - LOCAL DATA ELEMENT F, LDF (RLIN)
a 7
b cbc
c copycat
d 2
e ncip
f 20
g y-gencatlg
942 ## - ADDED ENTRY ELEMENTS (KOHA)
Source of classification or shelving scheme Library of Congress Classification
Koha item type Books
Edition 3rd
Classification part 621
Item part HES
Call number prefix HM
Holdings
Withdrawn status Lost status Damaged status Not for loan Collection code Home library Current library Shelving location Date acquired Inventory number Total Checkouts Full call number Barcode Date last seen Copy number Price effective from Koha item type Source of classification or shelving scheme
        Non-fiction City Campus Library City Campus Library General Stacks 10/21/2020 21844   HM 621 HES 2013 000236 10/21/2020 c.1 10/21/2020 Books  
        Non-fiction City Campus Library City Campus Library General Stacks 10/21/2020 21843   HM 621 HES 2013 000235 10/21/2020 c.2 10/21/2020 Books  
        Non-fiction City Campus Library City Campus Library General Stacks 10/21/2020 20464   HM 621 HES 2013 000011 10/21/2020 c.3 10/21/2020 Books  
        Non-fiction City Campus Library City Campus Library General Stacks 02/20/2024     HM 621 HES 2013 030933 02/20/2024 c.6 02/20/2024 Books Library of Congress Classification
        Non-fiction Mashava Campus Library Mashava Campus Library General Stacks 05/12/2021     HM 621 HES 2013 000012 05/12/2021 c.4 05/12/2021 Books  
        Non-fiction Mashava Campus Library Mashava Campus Library General Stacks 05/12/2021     HM 621 HES 2013 000237 05/12/2021 c.5 05/12/2021 Books